[Event "34th Chess Olympiad (women)"]
[Site "Istanbul"]
[Date "2000.11.10"]
[Round "13.40.2"]
[White "Choi, Kuan"]
[Black "Al-Rufei, Eman H"]
[WhiteElo "2000"]
[BlackElo "2031"]
[WhiteCountry "MAC"]
[BlackCountry "IRQ"]
[Result "0-1"]

1. e4 e5 2. Nf3 Nc6 3. Bc4 Bc5 4. Nc3 Nf6 5. O-O d6 6. h3 Be6 7. b3 O-O 
8. d3 a6 9. a3 b5 10. Bd5 Bxd5 11. exd5 Ne7 12. Bg5 Nd7 13. Re1 f6 14. Be3 Nf5 
15. Bxc5 dxc5 16. b4 Qe7 17. Rb1 Rfe8 18. Ne4 cxb4 19. axb4 Nb6 20. c4 bxc4 
21. g4 Nd6 22. dxc4 Ndxc4 23. Qd3 Rad8 24. Nc3 c6 25. Nd4 Qd7 26. dxc6 Qxd4 
27. Qxd4 Rxd4 28. b5 axb5 29. Nxb5 Rd3 30. Rbd1 Red8 31. Rxd3 Rxd3 32. Kh2 Nc8 
33. c7 Rb3 34. Rc1 Rxb5 35. Rxc4 Rb7 36. f3 Kf7 37. Kg3 Ke7 38. f4 Rb3+ 
39. Kh4 exf4 40. Rd4 g5+ 41. Kh5 Rxh3# 
0-1

[Event "34th Chess Olympiad (women)"]
[Site "Istanbul"]
[Date "2000.11.10"]
[Round "13.40.3"]
[White "Ameen, S."]
[Black "Dylis Ma, Pui"]
[WhiteElo "2152"]
[BlackElo "2000"]
[WhiteCountry "IRQ"]
[BlackCountry "MAC"]
[Result "1-0"]

1. d4 d5 2. Nf3 Nf6 3. c4 e6 4. Bg5 Be7 5. e3 O-O 6. Nc3 c6 7. Bd3 Re8 
8. O-O Nbd7 9. cxd5 exd5 10. Rc1 Nb6 11. h3 h6 12. Bxf6 Bxf6 13. Nh2 Be6 
14. Qf3 Bg5 15. b3 Rc8 16. Ne2 a6 17. Ng4 Bxg4 18. Qxg4 Nd7 19. Qf5 g6 
20. Qf3 Nf8 21. g3 Ne6 22. h4 Bf6 23. h5 Nf8 24. hxg6 Nxg6 25. Qg4 Bg5 
26. f4 Bf6 27. Bxg6 fxg6 28. Qxg6+ Bg7 29. Rf3 Rf8 30. Kg2 Rf6 31. Qg4 Qe7 
32. Qxc8+ Rf8 33. Qg4 Rf7 34. f5 Kf8 35. Nf4 Qd7 36. Ne6+ Ke8 37. Qg6 Bf8 
38. Rcf1 Qe7 39. Nxf8 Kxf8 40. Qxh6+ 
1-0

[Event "34th Chess Olympiad (women)"]
[Site "Istanbul"]
[Date "2000.11.10"]
[Round "13.41.1"]
[White "Al-Gurshi, Buthaina"]
[Black "Connolly, Suzanne"]
[WhiteElo "2000"]
[BlackElo "2105"]
[WhiteCountry "YEM"]
[BlackCountry "IRL"]
[Result "0-1"]

1. e4 c6 2. Nc3 d5 3. d3 g6 4. Bf4 Bg7 5. Qd2 d4 6. Nce2 c5 7. h3 Nc6 8. Nf3 e5 
9. Bg3 f6 10. O-O-O Bh6 11. Nf4 exf4 12. Bxf4 Bxf4 
0-1

[Event "34th Chess Olympiad (women)"]
[Site "Istanbul"]
[Date "2000.11.10"]
[Round "13.41.2"]
[White "O`Siochru, Mairead"]
[Black "Abdulsalam, Rawidah"]
[WhiteElo "2000"]
[BlackElo "2000"]
[WhiteCountry "IRL"]
[BlackCountry "YEM"]
[Result "1-0"]

1. e4 e5 2. Nf3 Nc6 3. Bb5 Be7 4. d3 a6 5. Bxc6 dxc6 6. Nxe5 Nf6 7. O-O O-O 
8. Nd2 Be6 9. Ndf3 Nd7 10. Bf4 Bf6 11. Nxd7 Bxd7 12. c3 c5 13. Qc2 Be7 
14. Rad1 f6 15. Qb3+ Rf7 16. Qxb7 Bd6 17. Bxd6 cxd6 18. Qd5 Rc8 19. Qxd6 Re7 
20. Qf4 Qb6 21. Rd2 Qa5 22. a3 Be6 23. d4 cxd4 24. Nxd4 Rc4 25. Nxe6 Rxe6 
26. Qb8+ Kf7 27. Rd7+ Kg6 28. Qg8 
1-0

[Event "34th Chess Olympiad (women)"]
[Site "Istanbul"]
[Date "2000.11.10"]
[Round "13.41.3"]
[White "Abdulsalam, Nadhmeia"]
[Black "Quinn, Deborah"]
[WhiteElo "2000"]
[BlackElo "2000"]
[WhiteCountry "YEM"]
[BlackCountry "IRL"]
[Result "0-1"]

1. d4 Nf6 2. c4 g6 3. Nc3 Bg7 4. Nf3 O-O 5. e4 d6 6. h3 Na6 7. Be3 c5 8. Bd3 b6 
9. O-O Nc7 10. d5 e5 11. Qd2 Nfe8 12. Bh6 f5 13. Bxg7 Kxg7 14. Rab1 f4 
15. Kh2 g5 16. g3 Qf6 17. Rg1 Qh6 18. Nxg5 Kh8 19. h4 Nf6 20. Kg2 Qg7 
21. Be2 h6 22. Nh3 Rg8 23. Kh2 Ng4+ 24. Kh1 fxg3 25. fxg3 Qd7 26. Bxg4 Rxg4 
27. Qxh6+ Kg8 28. Nf2 Rg7 29. Rg2 Ba6 30. b3 Rf8 31. Qe3 Rgf7 32. Rf1 Rf3 
33. Qd2 Qf7 34. Kg1 Bc8 35. Kh2 Ne8 36. Rgg1 Rxf2+ 37. Rxf2 Qxf2+ 
38. Qxf2 Rxf2+ 39. Rg2 Rxg2+ 40. Kxg2 Bg4 41. Kf2 Kf7 42. Ke3 Kg6 43. Kf2 a6 
44. Ke3 Kh5 45. Na4 b5 46. cxb5 axb5 47. Nb6 b4 48. Nc4 Bd1 49. Kd2 Bf3 
50. Ke3 Bg2 51. Nd2 Nf6 52. Kd3 Kg4 53. Ke3 Bh1 54. Kd3 Bf3 55. Ke3 Bg2 
56. Kd3 Kxg3 57. h5 Nxh5 58. Nc4 Bf1+ 59. Ke3 Bxc4 60. bxc4 Nf6 61. Kd3 Kf4 
62. Kc2 Kxe4 63. Kb3 Kd3 
0-1

[Event "34th Chess Olympiad (women)"]
[Site "Istanbul"]
[Date "2000.11.10"]
[Round "13.42.1"]
[White "Babic, Gail"]
[Black "Martinez, Natiska"]
[WhiteElo "2000"]
[BlackElo "2000"]
[WhiteCountry "ISV"]
[BlackCountry "PUR"]
[Result "0-1"]

1. e4 e5 2. Nf3 Nc6 3. Bc4 Bc5 4. O-O h6 5. Re1 Nf6 6. c3 a6 7. d4 exd4 
8. cxd4 Ba7 9. e5 Ng8 10. Qb3 Qe7 11. d5 Na5 12. Qc2 Nxc4 13. Qxc4 Qc5 
14. Qxc5 Bxc5 15. Be3 Bxe3 16. Rxe3 b6 17. Nc3 Bb7 18. Rd1 O-O-O 19. Ne4 d6 
20. exd6 cxd6 21. Rc3+ Kb8 22. Rd4 Ne7 23. Rcd3 Nf5 24. Rb4 Rc8 25. g4 Ne7 
26. Rxb6 Rc1+ 27. Kg2 Nc8 28. Rb4 Re8 29. Rdb3 Re7 30. Nd4 Rec7 31. Ng3 Ka8 
32. f3 Bxd5 33. Rb8+ Ka7 34. R3b4 Bb7 35. Nde2 Kxb8 36. Nxc1 Rxc1 37. Nf5 a5 
38. Rb5 Rc2+ 39. Kg3 d5 40. a4 g6 41. Nxh6 d4 42. Nxf7 d3 43. Nd8 Nd6 
44. Rxa5 d2 45. Nxb7 d1=Q 46. Nxd6 Qxd6+ 47. f4 Qd2 48. Rb5+ Kc7 49. h3 Qf2# 
0-1

[Event "34th Chess Olympiad (women)"]
[Site "Istanbul"]
[Date "2000.11.10"]
[Round "13.42.2"]
[White "Basem-Hassan, Mirian"]
[Black "Mody, Ila"]
[WhiteElo "2000"]
[BlackElo "2000"]
[WhiteCountry "PUR"]
[BlackCountry "ISV"]
[Result "1-0"]

1. d4 f5 2. e3 Nf6 3. Bd3 e6 4. Nf3 d5 5. c4 c6 6. O-O Be7 7. c5 O-O 8. Nc3 Ne4 
9. Bd2 Nxc3 10. bxc3 Nd7 11. Qc2 Nf6 12. c4 Bd7 13. cxd5 cxd5 14. Rab1 Rc8 
15. Rxb7 Ra8 16. Rfb1 Bc6 17. R7b2 Nd7 18. Bb5 Qc7 19. Bxc6 Qxc6 20. Rb7 Rfb8 
21. Qb2 Rc8 22. Ne1 Nb6 23. Rxe7 Nc4 24. Qc1 Nxd2 25. Qxd2 Rc7 26. Rxc7 Qxc7 
27. Qb2 Qe7 28. Qb7 Qf8 29. Nd3 a5 30. a4 Qe8 31. g3 Rd8 32. Ne5 h6 33. Qb5 Ra8 
34. Qxe8+ Rxe8 35. c6 Kf8 36. Rb7 Rc8 37. Rf7+ Ke8 38. Rxg7 Kd8 39. Rg8+ Kc7 
40. Rxc8+ Kxc8 41. f3 
1-0

[Event "34th Chess Olympiad (women)"]
[Site "Istanbul"]
[Date "2000.11.10"]
[Round "13.42.3"]
[White "Oliver, Patricia"]
[Black "Perez, Dolimar"]
[WhiteElo "2000"]
[BlackElo "2000"]
[WhiteCountry "ISV"]
[BlackCountry "PUR"]
[Result "0-1"]

1. h3 e5 2. Nf3 Nc6 3. g3 d5 4. Bg2 e4 5. Nh2 Bc5 6. O-O Nf6 7. e3 O-O 
8. d3 Bf5 9. dxe4 Nxe4 10. a3 Qd7 11. Nf3 Bxh3 12. Nh4 Bxg2 13. Kxg2 Rfe8 
14. b4 Be7 15. f4 Bxh4 16. f5 Bf6 17. c3 Qd6 18. Rf3 Nxc3 19. Nxc3 Bxc3 20. Ra2 
0-1

[Event "34th Chess Olympiad (women)"]
[Site "Istanbul"]
[Date "2000.11.10"]
[Round "13.43.1"]
[White "Zsiltzova-Lisenko, Lubov"]
[Black "Pourkashiyan, Atousa"]
[WhiteElo "2273"]
[BlackElo "2000"]
[WhiteCountry "IBSA"]
[BlackCountry "IRI"]
[Result "1-0"]

1. e4 e5 2. Nf3 Nf6 3. Nxe5 d6 4. Nf3 Nxe4 5. d4 d5 6. Bd3 Be7 7. O-O Nc6 
8. c4 Nb4 9. Be2 O-O 10. Nc3 Bf5 11. Bf4 Re8 12. Nxd5 Nxd5 13. cxd5 Qxd5 
14. Bxc7 Rac8 15. Be5 f6 16. Bf4 Bd6 17. Be3 Bb8 18. Qb3 Qxb3 19. axb3 Be6 
20. Bd3 Nd6 21. Nd2 a6 22. Rac1 Red8 23. Rc3 Ba7 24. Rfc1 g6 25. Ne4 Ne8 
26. Nc5 Bxc5 27. dxc5 Bd5 28. Bc4 Kf7 29. Kf1 Rc6 30. b4 Bxc4+ 31. Rxc4 Nc7 
32. Rd4 Rxd4 33. Bxd4 Nb5 34. Be3 Ke7 35. Rc4 Rc7 36. Ke2 Ke6 37. h4 Kd5 
38. b3 Kc6 39. Kf3 Re7 40. g4 Nc7 41. h5 Nd5 42. h6 Re6 43. Bd2 Ne7 44. Re4 Kd5 
45. Rf4 Ng8 46. Bc3 Kc6 47. Bd4 Kd7 48. Be3 Ke7 49. b5 axb5 50. Rb4 Kd7 
51. Rxb5 Kc7 52. Bf4+ Kc8 53. g5 f5 54. Bd6 Re8 55. Ra5 Kd7 56. b4 Ne7 
57. Ra7 Kc8 58. Ra8+ Kd7 59. Rxe8 Kxe8 60. Bxe7 Kxe7 61. Ke3 Kd7 62. Kd4 Kc6 
63. Kc4 Kc7 64. Kd5 Kd7 65. b5 
1-0

[Event "34th Chess Olympiad (women)"]
[Site "Istanbul"]
[Date "2000.11.10"]
[Round "13.43.2"]
[White "Navabi, Shirin"]
[Black "Debowska, Teresa"]
[WhiteElo "2007"]
[BlackElo "2094"]
[WhiteCountry "IRI"]
[BlackCountry "IBSA"]
[Result "1-0"]

1. e4 c5 2. c4 Nc6 3. Nf3 g6 4. d4 cxd4 5. Nxd4 Bg7 6. Be3 Nf6 7. Nc3 d6 
8. Be2 Ng4 9. Bxg4 Bxg4 10. Nxc6 Bxd1 11. Nxd8 Bc2 12. Kd2 Bxc3+ 13. Kxc2 Ba5 
14. Nxb7 Bb6 15. Bxb6 axb6 16. Rhd1 Rc8 17. Nxd6+ exd6 18. Rxd6 Rxc4+ 
19. Kd3 Rb4 20. b3 Ke7 21. Rd5 Rc8 22. Rb1 Rc5 23. Rxc5 bxc5 24. Rc1 Kd6 
25. Rc4 Rb5 26. Ra4 h5 27. f4 Rb6 28. Kc4 f6 29. a3 g5 30. fxg5 fxg5 31. Ra5 g4 
32. Rxc5 
1-0

[Event "34th Chess Olympiad (women)"]
[Site "Istanbul"]
[Date "2000.11.10"]
[Round "13.43.3"]
[White "Maeckelberg, Mieke"]
[Black "Khachatorian, Yarazik"]
[WhiteElo "2000"]
[BlackElo "2000"]
[WhiteCountry "IBSA"]
[BlackCountry "IRI"]
[Result "0-1"]

1. e4 e5 2. Nf3 Nf6 3. Nxe5 d6 4. Nf3 Nxe4 5. Qe2 Qe7 6. d3 Nf6 7. Bg5 Qxe2+ 
8. Bxe2 Be7 9. Nc3 c6 10. O-O-O Na6 11. Rhe1 Nc7 12. Ne4 Nxe4 13. dxe4 Ne6 
14. Be3 O-O 15. Bc4 a5 16. a4 Nc7 17. Bb6 Ne8 18. Nd4 Bd7 19. Nb3 Be6 
20. Nxa5 Rxa5 21. Bxe6 Ra6 22. Bxf7+ Rxf7 23. a5 Nf6 24. e5 dxe5 25. Rxe5 Nd5 
26. Rde1 Nxb6 27. Rxe7 Nd5 28. R7e2 Rxa5 29. Kb1 Rf8 30. c4 Nb4 31. Rd1 Rfa8 
0-1